Кукарача: романы; повесть; рассказы; Белые флаги; Закон вечности; Кукарача; Кровь; Бесы; Цыгане; Собака; Мать; Аствац инчу амар!; Откуда в городе ястреб?!; Желание; Не буди!; Дидро; Хазарула; Тамерлан; Птичка; Кладбище; Коррида; Неблагодарный; Солнце

Bibliografski detalji
Glavni autor: Думбадзе Н. В. Нодар Владимирович
Daljnji autori: Цуранова Л. (редактор), Руденко-Десняк А. (составитель)
Jezik:ruski
Izdano: Москва, Известия, 1989
TOC:Белые флаги; Закон вечности;
Кукарача;
Кровь; Бесы; Цыгане; Собака; Мать; Аствац инчу амар!; Откуда в городе ястреб?!; Желание; Не буди!; Дидро; Хазарула; Тамерлан; Птичка; Кладбище; Коррида; Неблагодарный; Солнце;
Teme:
Format: MixedMaterials Knjiga
KOHA link:https://koha.lib.tpu.ru/cgi-bin/koha/opac-detail.pl?biblionumber=372594

MARC

LEADER 00000nam0a2200000 4500
001 372594
005 20231102012506.0
010 |a 5206000019 
035 |a (RuTPU)RU\TPU\retro\30018 
035 |a RU\TPU\book\306136 
090 |a 372594 
100 |a 20221215d1989 m y0rusy50 ca 
101 1 |a rus  |c geo 
102 |a RU 
105 |a c z 000ay 
200 1 |a Кукарача  |e романы  |e повесть  |e рассказы  |f Н. В. Думбадзе  |g под ред. Л. Цурановой ; сост. А. Руденко-Десняк 
210 |a Москва  |c Известия  |d 1989 
215 |a 608 с.  |c портр. 
464 |t Белые флаги; Закон вечности  |o романы 
464 |t Кукарача  |o повесть 
464 |t Кровь; Бесы; Цыгане; Собака; Мать; Аствац инчу амар!; Откуда в городе ястреб?!; Желание; Не буди!; Дидро; Хазарула; Тамерлан; Птичка; Кладбище; Коррида; Неблагодарный; Солнце  |o рассказы 
606 1 |a Аджарская литература  |2 stltpush  |3 (RuTPU)RU\TPU\subj\1529  |9 30299 
610 1 |a художественная литература 
610 1 |a грузинская литература 
610 1 |a романы 
610 1 |a повести 
610 1 |a рассказы 
675 |a 894.6  |v 3 
700 1 |a Думбадзе  |b Н. В.  |g Нодар Владимирович 
702 1 |a Цуранова  |b Л.  |4 340 
702 1 |a Руденко-Десняк  |b А.  |4 220 
801 1 |a RU  |b 63413507  |c 20150129 
801 2 |a RU  |b 63413507  |c 20221215  |g RCR 
942 |c BK